000 00778nam a2200193Ii 4500
003 JO-AjNU
008 230605s9999||||xx |||||||||||||| ||und||
040 _aJO-AjNU
_bara
_erda
_cJO-AjNU
041 _aara
050 1 4 _aLB3051.L5412 1968
100 3 _aلندفل، س.م مؤلف/الناشف،عبد الملك مترجم/التل،سعيد مترجم,
_eauthor
_939973
245 0 0 _aأساليب الإختبار والتقويم في التربية والتعليم
264 3 1 _aبيروت:المؤسسة الوطنية للطباعة والنشر،1968
300 _a461ص
336 _atext
_btxt
_2rdacontent
337 _aunmediated
_bn
_2rdamedia
338 _avolume
_bnc
_2rdacarrier
650 4 _aالإختبارات والمقاييس التربوية.
_939974
999 _aA16926
_c20494
_d20494